| Tag |
First Indicator |
Second Indicator |
Subfields |
| LEADER |
00000cam a2200000I 4500 |
| 001 |
in00000074457 |
| 005 |
20151008053543.0 |
| 008 |
730906m19289999enk b 000 0 eng |
| 010 |
|
|
|a 28016432
|
| 035 |
|
|
|a (OCoLC)ocm00685728
|
| 035 |
|
|
|a (OCoLC)00685728
|
| 035 |
|
|
|9 AAH7816AM
|
| 040 |
|
|
|a DLC
|c KSU
|d SER
|d OCL
|d UtOrBLW
|
| 041 |
0 |
|
|a eng
|a lat
|
| 049 |
|
|
|a TXAM
|
| 050 |
0 |
0 |
|a PA6156.S4
|b A7 1928
|
| 100 |
1 |
|
|a Seneca, Lucius Annaeus,
|d approximately 4 B.C.-65 A.D.
|
| 245 |
1 |
0 |
|a Moral essays :
|b with an English translation /
|c by John W. Basore ...
|
| 264 |
|
1 |
|a London :
|b W. Heinemann, ltd.;
|a New York :
|b G.P. Putnam's Sons,
|c 1928-
|
| 300 |
|
|
|a 3 volumes ;
|c 17 cm.
|
| 336 |
|
|
|a text
|b txt
|2 rdacontent
|
| 337 |
|
|
|a unmediated
|b n
|2 rdamedia
|
| 338 |
|
|
|a volume
|b nc
|2 rdacarrier
|
| 490 |
0 |
|
|a The Loeb classical library. [Latin authors
|
| 500 |
|
|
|a At head of title: Seneca.
|
| 500 |
|
|
|a Latin and English on opposite pages.
|
| 504 |
|
|
|a "Select bibliography": volume 1, pages xv-xvi.
|
| 700 |
1 |
|
|a Basore, John William,
|d 1870-
|e translator.
|
| 994 |
|
|
|a E0
|b TXA
|
| 999 |
|
|
|a MARS
|
| 999 |
f |
f |
|s 2fb86a81-1614-32cf-a0a4-b68e1715c53b
|i 5195533e-3c3e-3839-8797-d2758435d8c3
|t 0
|
| 952 |
f |
f |
|p normal
|a Texas A&M University
|b College Station
|c Sterling C. Evans Library
|d Evans: Library Stacks
|t 0
|e PA6156.S4 A7 1928a
|h Library of Congress classification
|i unmediated -- volume
|k v.3
|m A14809011063
|
| 952 |
f |
f |
|p normal
|a Texas A&M University
|b College Station
|c Sterling C. Evans Library
|d Evans: Library Stacks
|t 0
|e PA6156.S4 A7 1928a
|h Library of Congress classification
|i unmediated -- volume
|k v.2
|m A14809011055
|
| 952 |
f |
f |
|p normal
|a Texas A&M University
|b College Station
|c Sterling C. Evans Library
|d Evans: Library Stacks
|t 0
|e PA6156.S4 A7 1928a
|h Library of Congress classification
|i unmediated -- volume
|k v.1
|m A14851287699
|
| 998 |
f |
f |
|a PA6156.S4 A7 1928a
|s v.1-3
|t 0
|l Evans: Library Stacks
|